| 000 | 00374nam a2200145Ia 4500 | ||
|---|---|---|---|
| 008 | 150201s2004 xx 000 0 und d | ||
| 082 |
_a617.645 _bE2004T |
||
| 100 | _aRAHUL TYAGI | ||
| 245 | _aESSENTIAL OF DENTAL MATERIALS | ||
| 250 | _a1ST | ||
| 260 |
_bC.B.S PUBLISHERS & DISTRIBUTERS _aDELHI _c2004 |
||
| 300 | _a1-200 | ||
| 650 | _aDENTAL MATERIAL | ||
| 942 |
_2ddc _cBK _02 |
||
| 999 |
_c3498 _d3498 |
||